Statistics for If You Don't Know - 5 Seconds of Summer (All Lyrics)

Click here to take the quiz!

General Stats

  • This quiz has been taken 183 times
  • The average score is 323 of 359

Answer Stats

If You Don't Know% Correct
I
99%
You
99%
you
99%
a
98%
don't
98%
If
98%
know
98%
me
98%
When
98%
Go
97%
go
97%
the
97%
And
96%
to
96%
let
95%
Let
95%
Pre-ChorusSo
94%
that
94%
we
94%
in
93%
then
93%
your
93%
of
92%
way
92%
make
91%
remember
91%
want
91%
were
91%
we're
91%
Cause
90%
just
90%
this
90%
tonight
90%
Verse 1Tonight
90%
say
89%
stay
89%
had
88%
last
88%
need
88%
skin
88%
eyes
87%
thing
87%
cry
86%
taste
86%
wanna
86%
would
86%
inside
85%
mad
85%
scream
85%
always
84%
fight
84%
my
84%
songs
84%
call
83%
feel
83%
felt
83%
name
83%
no
83%
those
83%
all
82%
crazy
82%
fading
82%
fast
82%
looked
82%
what
82%
about
81%
heart
81%
made
81%
out
81%
ahead
80%
kiss
80%
rip
80%
but
79%
it
79%
forget
78%
laugh
78%
shirt
78%
things
78%
there
77%
was
77%
Verse 2Let's
76%
love's
76%
past
76%
swear
75%
tomorrow
75%
you'd
75%
borrowed
74%
That's
74%
that's
74%
could
73%
we'll
73%
gone
72%
find
71%
away
70%
get
70%
I'd
70%
never
70%
woke
70%
Show
69%
games
64%
think
63%
play
62%
Catch
46%

Score Distribution

Percentile by Number Answered

Percent of People with Each Score

Your Score History

You have not taken this quiz